000 00344 a2200169 4500
001 171893
020 _a
040 _cMagnum
100 _aSouza, Ângela Leite de
240 1 0 _aO médico mágico
_lpor
245 1 0 _aO médico mágico
300 _a24
362 0 _a1987
440 1 _aFTD
697 _aLITERATURA INFANTO
942 _cBK
999 _c171893
_d171893